Grey's anatomy characters - Statistics

General Stats
  • This quiz has been taken 144 times
  • The average score is 13 of 42
Answer Stats
Hint Character Specialty/Occupation % Correct
DS derek shepherd neuro
99%
MG meredith grey general
99%
MS mark sloan plastics
94%
CY cristina yang cardio
89%
IS izzie stevens oncology
89%
MB miranda bailey general
85%
LG lexie grey neuro
81%
RW richard webber general
78%
PB preston burke cardio
73%
GO george o'malley trauma
71%
J joe bartender
70%
CT callie torres ortho
67%
AM addison montgomery OB/GYN
65%
EH erica hahn cardio
52%
FD finn dandridge vet
39%
EG ellis grey general
17%
AW adele webber nurse
16%
R rose nurse
16%
OH olivia harper nurse
15%
P patricia administrative
7%
SG susan grey
7%
TG thatcher grey
7%
DD denny duquette
6%
TC tyler christian nurse
6%
SH sydney heron general
5%
HO harold o'malley
4%
KW katherine wyatt therapist
4%
MGT molly grey-thompson
4%
NS nancy shepherd
4%
TJ tucker jones
4%
JO jerry o'malley
3%
LO louise o'malley
3%
RO ronny o'malley
3%
CM colin marlowe cardio
2%
NS norman shales pysch
2%
RS raj sen psych
2%
RP rebecca pope
2%
WBJ william 'tuck' bailey jones
2%
DY dylan young
1%
HK hannah klein
1%
W walter
1%
CT camille travis
0%
No matching quizzes found
Score Distribution
Percent of People with Each Score
Percentile by Number Answered
Your Score History
You have not taken this quiz